000 00572nam a2200193Ia 4500
005 20250326145102.0
008 250326s9999 xx 000 0 und d
037 _aTextbook
040 _aFMSL
_beng
_cFMSL
041 _aeng
_2eng
084 _aSNIobX:8 P9
_qFMSL
100 _aRoberts L M
_9750615
245 0 _aExploring positive identities and organizations
_cRoberts L M; Dutton J E
260 _aLondon
_bLondon, Routledge
_c2009
365 _b1995.1271999999999
650 _aManagement
942 _cTB
_hSNIobX:8 P9
999 _c1306319
_d1306319